000 09700nas1a22011771i 4500
001 RU\NLR\INFOCOMM10\1000252819
005 20240725235833.0
035 _a(NLR Aleph) 002562086
090 _a3113539
_c3113539
100 _a20040512b19621964|||y0rusy50 ca
101 0 _arus
102 _aRU
110 _azyu||||0|y0
200 1 _aСборник научно-технической информации
_fГос. Ком. Совета Министров РСФСР по делам местной пром-сти и худож. промыслов. Центр. бюро техн. информации НИТХИ
210 _aМ.
_cГостместпромиздат
_d1962-1964
311 _aПрекр на №31(76) 1964
710 0 2 _aНаучно-исследовательский технохимический институт бытового обслуживания
_cМосква
_4070
712 0 1 _aРСФСР
_bГлавное управление бытового обслуживания населения
_4570
801 1 _aRU
_bInfoComm
_c20040512
801 0 _aRU
_bNLR
_gPSBO
852 _aNLR
_jП10/2685
942 _cCOLLECTION
980 _aRUSPER